BCO London planning guide (Record no. 71897)
[ view plain ]
| 000 -LEADER | |
|---|---|
| fixed length control field | 00965cam a2200205 4500 |
| 001 - CONTROL NUMBER | |
| control field | WB3901-26 |
| 008 - FIXED-LENGTH DATA ELEMENTS--GENERAL INFORMATION | |
| fixed length control field | 030107n2003 000 0 eng u |
| 035 ## - SYSTEM CONTROL NUMBER | |
| System control number | (Sirsi) u120947 |
| 245 ## - TITLE STATEMENT | |
| Title | BCO London planning guide |
| 260 ## - PUBLICATION, DISTRIBUTION, ETC. | |
| Date of publication, distribution, etc. | 2003 |
| 490 ## - SERIES STATEMENT | |
| Series statement | Estates Gazette |
| Volume/sequential designation | (0301) 4 January 2003, 12(1) |
| 520 ## - SUMMARY, ETC. | |
| Summary, etc. | A new British Council for Offices (BCO) guide should help developers obtain planning permission for tall buildings in London. "Tall buildings in London: guidance on planning" includes advice on environmental statements, urban design, heritage and protected views, and transport. Report available from BCO priced £40 (£20 for BCO members), e [email protected] Further information at http://www.bco.org.uk/html/research/reports.html |
| 590 ## - LOCAL NOTE (RLIN) | |
| Local note | WB |
| 650 ## - SUBJECT ADDED ENTRY--TOPICAL TERM | |
| Topical term or geographic name entry element | BCO |
| 650 ## - SUBJECT ADDED ENTRY--TOPICAL TERM | |
| Topical term or geographic name entry element | TALL BUILDINGS |
| 650 ## - SUBJECT ADDED ENTRY--TOPICAL TERM | |
| Topical term or geographic name entry element | LONDON |
| 650 ## - SUBJECT ADDED ENTRY--TOPICAL TERM | |
| Topical term or geographic name entry element | PLANNING PERMISSION |
| 690 ## - LOCAL SUBJECT ADDED ENTRY--TOPICAL TERM (OCLC, RLIN) | |
| Topical term or geographic name as entry element | ENVIRONMENTAL AND LAND CONSULTANCY-PLANNING AND DEVELOPMENT |
| 942 ## - ADDED ENTRY ELEMENTS (KOHA) | |
| Suppress in OPAC | 0 |
| Withdrawn status | Lost status | Source of classification or shelving scheme | Damaged status | Not for loan | Home library | Current library | Shelving location | Date acquired | Total Checkouts | Full call number | Barcode | Date last seen | Copy number | Price effective from | Koha item type |
|---|---|---|---|---|---|---|---|---|---|---|---|---|---|---|---|
| Dewey Decimal Classification | London | London | News article | 07/01/2003 | WB3901-26 | 120947-1001 | 06/08/2019 | 1 | 06/08/2019 | News article |